Macedonian 2010s Music Quiz: Name the Artist - Statistics

General Stats
  • This quiz has been taken 9 times
  • The average score is 11 of 30
Answer Stats
Song Release Date Artist % Correct
Kilometri 2018 Lozano
75%
Tažna ljubov, srekjna pesna 2014 Tamara Todevska
75%
Reset 2017 Tijana Dapčević
75%
Zvona 2017 Karolina Gočeva
63%
Ja izlezi Gjurgjo* 2014 Next Time
63%
10 leta 2015 Daniel Kajmakoski
50%
Ne sum tvoj tip 2018 Duper
50%
Bobi baš mi e gajle 2013 Eye Cue
50%
Melem 2012 Kaliopi
50%
Bass 2010 Toni Zen
50%
Bulki 2011 Vlado Janevski
50%
Posle tebe 2010 Dani Dimitrovska
38%
Edna ljubov imam 2019 Gjoko Taneski
38%
Srekja 2010 Vlatko Ilievski
38%
E brenduar 2010 Adrian Gaxha
25%
Bez milost 2016 Andrijana Janevska
25%
Samo toa go možeš ti 2014 Dimitar Andonovski
25%
Nemaš pravo ti da mi sudiš 2016 Elena Risteska
25%
Zemi me 2013 Kristina Arnaudova
25%
Aroma e saj 2017 Shpat Kasapi
25%
Heroj 2018 Viktorija Loba
25%
Jas i ti 2013 Bobi Mojsovski
13%
Crni lamborghini 2019 Filip Pecovski
13%
Pola sveta 2019 Martinijan Kirilovski
13%
Tvoje ime, moje prezime 2018 Menil Velioski
13%
Razbudi me 2018 Ognen Zdravkovski
13%
Dobro jutro tajno 2018 Riste Risteski
13%
Posle nego 2012 Sara Markoska
13%
I asaj 2012 Tuna
13%
Gerdan 2018 Vasil
13%
No matching quizzes found
Score Distribution
Percent of People with Each Score
Percentile by Number Answered
Your Score History
You have not taken this quiz